00301nam a22001097a 4500003000400000020001800004082001900022100005900041245003100100260005200131300000800183SGT a9788126730971 a891.4309bA18T aत्रिपाठी, कमलेशदत्त  aअमरुशतकम  bराजकमल प्रकाशन c2018 a355